Portland Trail Blazers leading scorer each game (2024-2025 season) - Statistics

General Stats
  • This quiz has been taken 7 times
  • The average score is 7 of 10
Answer Stats
# of games Player % Correct
27 Anfernee Simons
86%
6 Deandre Ayton
86%
8 Scoot Henderson
86%
6 Jerami Grant
71%
13 Shaedon Sharpe
71%
1 Toumani Camara
71%
4 Dalano Banton
57%
15 Deni Avdija
57%
1 Donovan Clingan
57%
1 Jabari Walker
43%
No matching quizzes found
Score Distribution
Percent of People with Each Score
Percentile by Number Answered
Your Score History
You have not taken this quiz